B. Ioannis Duns Scoti...quaestiones disputatae (Record no. 58042)

MARC details
000 -LEADER
campo de control de longitud fija 00541nam a2200145 i 4500
001 - NÚMERO DE CONTROL
campo de control 58042
003 - IDENTIFICADOR DE NÚMERO DE CONTROL
campo de control ES-MaACL
007 - CAMPO FIJO DE DESCRIPCIÓN FÍSICA--INFORMACIÓN GENERAL
campo de control de longitud fija t|
008 - DATOS DE LONGITUD FIJA--INFORMACIÓN GENERAL
campo de control de longitud fija 031020s1910 it ||||1| lat d
100 1# - ENTRADA PRINCIPAL--NOMBRE DE PERSONA
Nombre de persona Juan Duns Escoto
Títulos y otros términos asociados al nombre Beato.
9 (RLIN) 67117
245 10 - MENCIÓN DEL TÍTULO
Título B. Ioannis Duns Scoti...quaestiones disputatae
Resto del título : de rerum principio Tractatus De primo rerum omnium principio Novis curis /
Mención de responsabilidad, etc. edidit Marianus Fernández García.
260 ## - PUBLICACIÓN, DISTRIBUCIÓN, ETC.
Lugar de publicación, distribución, etc. Quaracchi :
Nombre del editor, distribuidor, etc. [s.n.,
Fecha de publicación, distribución, etc. 1910] (
Fabricante Typ. Collegiis Bonaventurae)
300 ## - DESCRIPCIÓN FÍSICA
Extensión XCVI, 723 p. ;
Dimensiones 24 cm.
852 ## - LOCALIZACIÓN
Ubicación ES-MaACL
Número de control de estantería G-5355
Holdings
Estatus retirado Estado de pérdida Estado de daño No para préstamo Biblioteca de origen Biblioteca actual Ubicación en estantería Fecha de adquisición Fuente de adquisición Total de préstamos Signatura topográfica completa Código de barras Visto por última vez Precio de reemplazo Tipo de ítem Koha
        Biblioteca del Ateneo de Madrid Biblioteca del Ateneo de Madrid Depósito 2 17/01/2008     G-5355 1060914 23/02/2023 23/02/2023 Libro impreso